000 00233nam a22001097a 4500
999 _c264330
_d264329
020 _a0439866685
100 _aSarah Thomson
245 _aAmazing Gorillas
260 _aNew York
_bScholastic Inc
_c2005
300 _a32p
942 _cBK